000
00241 a2200097 4500
001
34403
100
_a
Rafique Akhtar
245
_a
Pakistan Year Book 1991-92
260
_a
Karachi/Lahore
_b
East and West Pub Co
_c
1991
090
_c
22704
_d
22704
942
_a
NUST-CAE
_c
M
_c
14119
999
_c
269476
_d
269476